Bilecik Bilecik Bilecik Bilecik Bilecik

Kültür ve medeniyet üzerine denemeler/ (Record no. 9689)

MARC details
000 -BAŞLIK
Sabit Uzunluktaki Kontrol Alanı 01488nam a22003377a 4500
001 - KONTROL NUMARASI
Control Dosyası 0009717
003 - KONTROL NUMARASI KİMLİĞİ
Kontrol Alanı KOHA_MİRAKIL
005 - EN SON İŞLEM TARİHİ ve ZAMANI
Kontrol Alanı 20260207001719.0
007 - FİZİKSEL TANIM SABİT ALAN - GENEL BİLGİ
Sabit uzunluklu kontrol alanı ta
008 - SABİT UZUNLUKTAKİ VERİ ÖGELERİ - GENEL BİLGİ
Sabit Alan 100709b2007 tu |||gr||||#0|||0|tur |
020 ## - ISBN - ULUSLARARASI STANDART KİTAP NUMARASI
Isbn 9754372780
040 ## - KATALOGLAMA KAYNAĞI
Özgün Kataloglama Kurumu TR-BiSEU
Kataloglama Dili tur
Çeviri Kurumu TR-BiSEU
Açıklama Kuralları rda
041 0# - DİL KODU
Metin ya da ses kaydının dil kodu tur
044 ## - YAYINLAYAN/ÜRETEN KURULUŞUN ÜLKE KODU
ISO country code tu
050 ## - SINIFLAMA ve YER NUMARASI
Sınıflama Numarası HM101
Yer Numarası .O93 2007
100 1# - KİŞİ ADI
Yazar Adı (Kişi adı) Özakpınar, Yılmaz.
245 1# - ESER ADI BİLDİRİMİ
Başlık Kültür ve medeniyet üzerine denemeler/
Sorumluluk Bildirimi Yılmaz Özakpınar ; Yılmaz Özakpınar.
264 #1 - ÜRERİM, YAYIN, DAĞITIM ve TELİF BİLDİRİMİ
Yayın yeri İstanbul :
Yayınlayan Ötüken
Yayın tarihi 2007
300 ## - FİZİKSEL TANIMLAMA
Sayfa, Cilt vb. 240 sayfa
336 ## - İÇERİK TÜRÜ
Content type term metin
Content type code txt
Source rdacontent
337 ## - MEDYA TÜRÜ
Media type term aracısız
Media type code n
Source rdamedia
338 ## - TAŞIYICI TÜRÜ
Carrier type term cilt
Carrier type code nc
Source rdacarrier
490 1# - DİZİ BİLDİRİMİ
Dizi Bildirimi Ötüken yayın no ;
Cilt Numarası 417.
490 1# - DİZİ BİLDİRİMİ
Dizi Bildirimi Kültür Serisi ;
Cilt Numarası 147.
505 ## - İÇİNDEKİLER NOTU
İçindekiler Notu Yazarın farklı zaman ve yerlerde yayınlansa da aynı medeniyet teorisi çerçevesinde birleşen yazılarıdır. Millî ve insanî meseleler tahlil edilir. İnsanın bir aileye mensup olmasının bir millete mensup olmasına engel olmaması gibi, bir millete mensup olmasının insanlığı içinde duymasına engel olmadığı vurgulanır. Hakikat birdir ve bireyi, aileyi, milleti ve insanlığı kuşatır. Denemeler, yazarın, bu temayı, psikolojik, sosyal ve felsefî planda açıklığa kavuşturma çabalarının ürünüdür.
650 #0 - KONU BAŞLIĞI EK GİRİŞ - KONU TERİMİ
Konusal terim veya coğrafi ad Kültür.
9 (RLIN) 9654
830 1# - SERİ EK GİRİŞİ - TEKBİÇİM ESER ADI
Tekbiçim Başlık Ötüken yayın no ;
Volume number/sequential designation 417.
9 (RLIN) 12230
830 1# - SERİ EK GİRİŞİ - TEKBİÇİM ESER ADI
Tekbiçim Başlık Kültür Serisi ;
Volume number/sequential designation 147.
9 (RLIN) 6554
907 ## - LOCAL DATA ELEMENT G, LDG (RLIN)
a Deneme
942 ## - EK GİRİŞ ÖGELERİ (KOHA)
Source of classification or shelving scheme Library of Congress Classification
Koha item type Book
505 ## - İÇİNDEKİLER NOTU
--
Holdings
Materyal Türü Kalıcı Konum Mevcut Konum Raf Yeri Sınıflandırma Kaynağı Edinim Bilgisi Ana Konular Alt Konular Yer Numarası Demirbaş Numarası Fatura Tarihi Maliyet, Alış Fiyatı Maliyet, Yenileme Fiyatı Geri Çekilme Durumu Kayıp Durumu Hasarlı Durumu Kredi için değil Kayıt Tarih Toplam Ödünçverme Son Görülme Tarihi Son Kontrol Tarihi Genel / Bağış Notu
Book BŞEÜ Gölpazarı MYO Kütüphanesi BŞEÜ Gölpazarı MYO Kütüphanesi   Library of Congress Classification Bağış SOSYAL BİLİMLER Sosyoloji (Genel) HM101 .O93 2007 0019286 02/02/2026 12.00 12.00         09/07/2010   05/12/2024 05/12/2024 Genel Bağış
Book Prof. Dr. Azmi Özcan Kütüphanesi Prof. Dr. Azmi Özcan Kütüphanesi Uluğbey Salonu Library of Congress Classification Bağış SOSYAL BİLİMLER Sosyoloji (Genel) HM101 .O93 2007 0009717 13/08/2010 12.00 12.00         23/10/2009 2 05/12/2024 05/12/2024 Ötüken Yayınevi